Capitani del Milan - Statistics

Statistiche generali
  • Questo quiz è stato fatto 92 volte
  • Il punteggio medio è 9 su 45
Statistiche sulle risposte
Ruolo Stagioni al club Stagioni da capitano Presenze Reti Calciatore % Corretto
TD/DC 1954-1966 1961-1966 (5) 347 3 Cesare Maldini
100%
TS/DC 1984-2009 1997-2009 (12) 647 29 Paolo Maldini
100%
P 2021-presente 2025-presente (1)[3] 105 0 Mike Maignan
86%
DC 1977-1997 1982-1997 (15) 531 16 Franco Baresi
83%
TD 2014-2025 2022-2025 (3) 210 9 Davide Calabria
82%
DC 2017-2018 2017-2018 (1) 35 2 Leonardo Bonucci
69%
DC 2015-2022 2018-2022 (4) 197 8 Alessio Romagnoli
66%
CC 1995-1997 e 1998-2013 2009-2013 (4) 344 29 Massimo Ambrosini
65%
CC 1960-1979 1966-1975 e 1976-1979 (12) 501 122 Gianni Rivera
61%
CC 2012-2019 2013-2017 (4) 129 8 Riccardo Montolivo
58%
CA 1940-1942 1941-1942 (2) 37 9 Giuseppe Meazza
29%
CA 1949-1961 1956-1961 (5) 359 81 Nils Liedholm
23%
TD 1971-1972 e 1973-1982 1980-1981 (1) 228 30 Aldo Maldera
14%
CC 1900-1907 1901-1907 (7) 23 7 Herbert Kilpin
13%
M 1910-1922 1921-1922 (1) 101 6 Cesare Lovati
6%
DC 1976-1982 1981-1982 (1) 158 4 Fulvio Collovati
6%
CC 1937-1944 e 1945-1949 1942-1944 e 1945-1949 (6) 267 23 Giuseppe Antonini
4%
CC 1971-1980 1979-1980 (1) 218 56 Alberto Bigon
3%
CA 1909-1912 e 1915-1919 1916-1919 (3) 42 26 Aldo Cevenini
3%
CC 1945-1953 1952-1953 (1) 281 53 Carlo Annovazzi
3%
TD 1908-1920 1915-1916 (1) 122 3 Marco Sala
3%
CC 1927-1929 1927-1929 (2) 62 5 Abdon Sgarbi
1%
CC 1908-1921 1919-1921 (2) 138 4 Alessandro Scarioni
1%
DC 1924-1933 1929-1930 (1) 111 3 Alessandro Schienoni
1%
TD/M 1942-1952 1949-1952 (3) 239 3 Andrea Bonomi
1%
M 1933-1940 1939-1940 (1) 204 1 Antonio Bortoletti
1%
CA 1940-1941 e 1944-1945 1940-1941 (1) 43 12 Bruno Arcari
1%
M 1932-1938 1933-1934 (1) 113 0 Carlo Rigotti
1%
CA 1900-1901 1900 (1) 4 0 David Allison
1%
CC 1914-1924 1922-1924 (2) 146 13 Francesco Soldera
1%
TZ 1952-1963 1961 (1) 214 1 Francesco Zagatti
1%
P 1907-1909 1908-1909 (2) 8 -8 Gerolamo Radice
1%
DC 1926-1928 1926-1927 (1) 29 6 Gianangelo Barzan
1%
TZ 1931-1940 1934-1936 e 1938-1939 (3) 248 2 Giuseppe Bonizzoni
1%
CC 1902-1906 e 1910-1913 1911-1913 (2) 48 19 Giuseppe Rizzi
1%
TZ 1903-1912 1909-1910 (1) 27 0 Guido Moda
1%
CA 1945-1949 1949 (1) 114 55 Héctor Puricelli
1%
CA 1910-1915 1913-1915 (2) 88 97 Louis Van Hege
1%
TZ 1925-1926 e 1927-1940 1936-1938 (2) 319 0 Luigi Perversi
1%
CA 1930-1933 1930-1933 (3) 97 31 Mario Magnozzi
1%
CC 1910-1911 1910-1911 (1) 16 11 Max Tobias
1%
CC 1945-1956 1953-1956 (1) 334 2 Omero Tognon
1%
CC 1939-1943 e 1944-1945 1944-1945 (1) 72 4 Paolo Todeschini
1%
CC 1916-1917 e 1919-1926 1924-1926 (2) 142 5 Pietro Bronzini
1%
M 1970-1976 1975-1976 (1) 170 32 Romeo Benetti
1%
Nessun quiz corrispondente trovato
Distribuzione punteggi
Percentuale di utenti per punteggio
Percentile per numero di risposta
I tuoi punteggi nel tempo
Non hai fatto questo quiz